Statistics for Regions of Italy in the Thumbnail

Click here to take the quiz!

General Stats

  • This quiz has been taken 47 times
  • The average score is 4 of 5

Answer Stats

Region% Correct
Sicily
98%
Calabria
82%
Campania
73%
Basilicata
66%
Apulia
64%

Score Distribution

Percentile by Number Answered

Percent of People with Each Score

Your Score History

You have not taken this quiz